| 000 | 00357nam a2200145Ia 4500 | ||
|---|---|---|---|
| 008 | 230917s9999||||xx |||||||||||||| ||und|| | ||
| 040 |
_e194847 _aMAIN |
||
| 041 | _aEnglish | ||
| 082 | _a973 G274A | ||
| 100 | _aGehlot, B S | ||
| 245 | 0 | _aAmerica ka itihas. 2V | |
| 260 |
_aNew Delhi _bArjun Publishing House _c2009 |
||
| 300 | _avii,682 p. | ||
| 942 | _cBK | ||
| 999 |
_c159290 _d159290 |
||